Statistics for UFC fighters by picture

Click here to take the quiz!

General Stats

  • This quiz has been taken 487 times
  • The average score is 11 of 12

Answer Stats

Answer% Correct
Conor McGregor
99%
Jon Jones
98%
Khabib Nurmagomedov
98%
Nate Diaz
97%
Anderson Silva
94%
Israel Adesanya
94%
Daniel Cormier
92%
Max Holloway
91%
Georges Saint-Pierre
87%
Jorge Masvidal
81%
Amanda Nunes
72%
Valentina Shevchenko
49%

Score Distribution

Percentile by Number Answered

Percent of People with Each Score

Your Score History

You have not taken this quiz